000 00664nam a2200193 a 4500
001 000011015
005 20240412074222.0
008 091013s1959 dr c 000 0 spa d
040 _aDO-SdBNP
_bspa
_cBNPHU
082 _aRD861.44
_bS211c
100 1 _aSánchez Lamouth, Juan,
_d1929-1968
_920547
245 1 0 _aCanto a las legiones de Trujillo /
_cJuan Sánchez Lamouth.
260 _aCiudad Trujillo, República Dominicana :
_bDel Caribe,
_c1959.
300 _a129 p. :
_bretr. ;
_c24 cm.
500 _aIncluye datos biográficos del autor en la solapa de la cubierta
650 0 _aPoesía dominicana
_966
650 0 _aLiteratura dominicana.
_967
049 _aBNPD
999 _c10753
_d10753